| 000 | 00745nam a22002297a 4500 | ||
|---|---|---|---|
| 999 |
_c14498 _d14498 |
||
| 003 | AR-CdUCM | ||
| 008 | 190423b ||||| |||| 00| 0 spa d | ||
| 020 | _a978-607-618-496-7 | ||
| 040 |
_aMUNICIPALIDAD PROVINCIAL DEL CUSCO _cBIBLIOTECA MUNICIPAL DEL CUSCO |
||
| 082 |
_aPI / 803.08 / _bL33 |
||
| 100 |
_aLe, Khoa _925148 |
||
| 245 |
_aLa princesa de las nubes : _bcuentos fantásticos / |
||
| 260 |
_aMéxico : _bPrintWorks, _c2015. |
||
| 300 |
_bIlustraciones, _c25 cm. |
||
| 500 | _aNo cuenta con numeración de pagina | ||
| 650 |
_aPrimera infancia _924660 |
||
| 650 |
_aCuentos _9217 |
||
| 650 |
_aInfantil _96210 |
||
| 700 |
_aCaballero de Moral, Samantha (traducción) _931266 |
||
| 942 |
_2ddc _cLIBROS |
||
| 945 |
_adavv _d23/04/2019 |
||